[Event "BLR-ch sf"]
[Site "Minsk"]
[Date "2023.12.14"]
[Round "8"]
[White "Sapranovich, Bogdan"]
[Black "Bas, Marsel"]
[Result "1/2-1/2"]
[WhiteElo "1164"]
[BlackElo "1402"]
[PlyCount "72"]
[EventDate "2023.12.07"]
[EventType "swiss"]
[EventRounds "9"]
[EventCountry "BLR"]
[SourceTitle "CB51_2023"]
[SourceDate "2023.12.20"]
[SourceVersion "1"]
[SourceVersionDate "2023.12.20"]
[SourceQuality "1"]

1. e4 c5 2. Nf3 Nc6 3. d4 cxd4 4. Nxd4 Nf6 5. Nc3 e6 6. Be2 Bb4 7. 0-0 Bxc3 8. bxc3 Nxe4 9. Qd3 d5 10. Ba3 Qa5 11. Nb5 a6 12. Nd6+ Nxd6 13. Bxd6 Qd8 14. Qg3 Qf6 15. Rfe1 Qg6 16. Rad1 Qxg3 17. hxg3 Bd7 18. f4 0-0-0 19. Rb1 Be8 20. Bc5 f6 21. Bg4 f5 22. Bf3 Bf7 23. Rb6 Rhe8 24. Reb1 Rd7 25. Be2 Na5 26. Bd6 Red8 27. Be5 Re7 28. Bxg7 Rc7 29. Be5 Rc6 30. Rxc6+ Nxc6 31. Bd4 e5 32. fxe5 Nxe5 33. Bxe5 Re8 34. Bxa6 bxa6 35. Rb8+ Kd7 36. Rxe8 Bxe8 1/2-1/2

[Event "BLR-ch sf"]
[Site "Minsk"]
[Date "2023.12.13"]
[Round "7"]
[White "Makarychev, Artem1"]
[Black "Sapranovich, Bogdan"]
[Result "0-1"]
[WhiteElo "1205"]
[BlackElo "1164"]
[PlyCount "140"]
[EventDate "2023.12.07"]
[EventType "swiss"]
[EventRounds "9"]
[EventCountry "BLR"]
[SourceTitle "CB51_2023"]
[SourceDate "2023.12.20"]
[SourceVersion "1"]
[SourceVersionDate "2023.12.20"]
[SourceQuality "1"]

1. e4 c6 2. d4 d5 3. e5 Bf5 4. c4 e6 5. Nc3 Ne7 6. Nf3 Ng6 7. c5 Be7 8. h3 Nf8 9. Bd2 Nfd7 10. Be2 0-0 11. g4 Be4 12. Rg1 Bxf3 13. Bxf3 Bg5 14. b4 Re8 15. Bxg5 Qxg5 16. Qd3 Nf8 17. Qe3 Qxe3+ 18. fxe3 Ng6 19. Be2 Nd7 20. g5 Nh4 21. e4 Nf8 22. b5 dxe4 23. Nxe4 Nf5 24. bxc6 bxc6 25. Nd6 Red8 26. Rd1 Rab8 27. Rf1 Ne3 28. Rxf7 Nxd1 29. Bxd1 Rd7 30. Rf3 Ng6 31. Bb3 Nf8 32. h4 a5 33. h5 Rb4 34. Rf4 a4 35. Bc4 Rxd6 36. cxd6 Rxc4 37. Kd2 Nd7 38. g6 hxg6 39. hxg6 Nxe5 40. Re4 Nd7 41. Kd3 Rb4 42. Rxe6 Rb8 43. Re7 Nf6 44. d7 Kf8 45. Rf7+ Kg8 46. Re7 Rd8 47. Re6 Rxd7 48. Rxc6 Kf8 49. Ra6 Ne8 50. Rxa4 Rd6 51. Rb4 Rxg6 52. a4 Ra6 53. d5 g5 54. Ke4 g4 55. Kf4 Nf6 56. Rd4 Ke7 57. Ke5 g3 58. d6+ Kd7 59. Rd3 Nh5 60. Rd2 Rxa4 61. Kf5 Rf4+ 62. Kg5 Rf2 63. Rd1 g2 64. Rg1 Nf4 65. Kg4 Ne2 66. Rxg2 Rxg2+ 67. Kh4 Kxd6 68. Kh5 Ke6 69. Kh4 Kf5 70. Kh5 Rh2# 0-1